Profile: Calvin and Hobbes Quiz Stats

 Plays Quiz Updated Dec 16, 2019

Support Sporcle.
Go Orange.
Score 0/16 Timer 06:00
1 Play Today
Detail Answer % Correct
Calvin's neighbor and snowball targetSusie Derkins
81.6%
Calvin's favorite sportCalvinball
77.5%
Calvin's space explorer alter egoSpaceman Spiff
74.7%
Scientific Progress Goes ________Boink
66.1%
The club started by Calvin and HobbesGet Rid Of Slimy GirlS
64.5%
The bully at Calvin's schoolMoe
61%
Calvin's invention that lets him become different animals and objectstransmogrifier
60.5%
Calvin's teacherMiss Wormwood
59%
Detail Answer % Correct
Calvin's invention that lets him make copies of himselfduplicator
44%
Calvin's babysitterRosalyn
43.8%
Calvin's favorite bedtime storyHamster Huey and the Gooey Kablooie
38.8%
Calvin's favorite cerealChocolate Frosted Sugar Bombs
37.1%
Calvin's superhero alter egoStupendous Man
35.5%
Attack of the Deranged Mutant Killer Monster __________Snow Goons
33%
Calvin's uncleMax
28.7%
Calvin's private eye alter egoTracer Bullet
25.9%

From the Vault

Letter 'B' Hall of Famers

by pdigoe

Sports 4m
These players all managed to 'B' the best in their sport.
Remove Ads.
Support Sporcle.
Get the best of Sporcle when you Go Orange. This ad-free experience offers more features, more stats, and more fun while also helping to support Sporcle. Thank you for becoming a member.

Show Comments

Extras

Top Quizzes Today


Score Distribution

Your Account Isn't Verified!

In order to create a playlist on Sporcle, you need to verify the email address you used during registration. Go to your Sporcle Settings to finish the process.

Report this User

Report this user for behavior that violates our Community Guidelines.

Details: